Perspektívy špeciálnej pedagogiky

Bibliographic Details
Main Author: Matuška, O. (Author)
Format: Article
Language:Slovak

MARC

LEADER 00000nab a2200000 a 4500
001 vtls011120262
003 SK-MaSNL
005 20260303145500.0
008 230222| xo |||||||||||||||||slo|
015 |a SNBRB 
035 |a (uuid)f39bdc83-951e-4049-bc82-06a15ee9526b 
035 |a (urnnbn)urn:nbn:sk:snk:ar-a08pnn 
035 |a urn:nbn:sk:snk-ab9r4m 
040 |a SNKBUCL  |b slo  |c SNKBUCL  |e AACR2 
041 0 |a slo 
044 |a xo  |c SK 
100 1 |a Matuška, O.  |4 aut  |9 1168037 
245 1 0 |a Perspektívy špeciálnej pedagogiky  |c O. Matuška 
773 0 |t Pedagogické rozhľady : časopis pre školy a školské zariadenia  |g Č. 5 (1993-1994), s. 7-9 
954 |a odborná, vedecká literatúra pôvodná (slovenská)  |2 lita 
958 |a OND 
958 |a EUIPO 
958 |a article13 
999 |c 2003293  |d 2005223